000 00874nas a2200241 454500
001 20407
005 20260407193506.0
008 260407s1985####ag###########|||spa#d
003 AR-UNSa-BCEJYS
040 _aAR-UNSa-BCEJYS
_bspa
_cAR-UNSa-BCEJYS
080 _a320
_xCiencia Política (Política y Gobierno)
245 1 0 _aModern law and society
_pa review of german-language research contributions on law, political science, and sociology
022 _a0026-7953
264 1 _aTübingen :
_bOffice German Studies
_c1985
310 _aFrecuencia: Semestral
942 _cSER
590 _aniveau_biblio:s niveau_hierar:1
100 1 _aInstitute for Scientific Co-operation
650 _aDerecho
650 _aSociología
650 _aCiencia política
856 4 1 _uhttps://biblioeco.unsa.edu.ar/pmb/images/revistas/Modern Law and Socety.jpg
_yImagen de portada
_qimage/jpeg
999 _c8542
_d8542